000 01625nam1a2200325 i 4500
001 v19\rc\2028568
005 20240921125546.0
035 _a(NLR Aleph) 005108728
090 _a7470096
_c7470096
100 _a20080925g19149999km y0rusy50 ca
101 0 _aukr
102 _aRU
105 _a||||z||||||||
181 0 _ai
_baxxe
182 0 _an
200 1 _aУкраїнський етноґрафічний збірник, видає українське наукове товариство в Київі
_dUkrainische Gesellschaft der Wissenschaften in Kiew, Ethnographische Sammlung
_fпід редакцією Ол. Шрамченка, виданий з грошей записаних Товариству пок. Володимиром Лозиньский
_zger
203 _aТекст
_bвизуальный
_cнепосредственный
210 _aКиїв
_cДрукарня другої друкарської спілки
_d1914-
215 _d24
510 1 _aUkrainische Gesellschaft der Wissenschaften in Kiew, Ethnographische Sammlung
_zger
606 1 _aУкраинцы
_jСборники
_xЭтнографические исследования
_92204188
_3RU\NLR\AUTH\661324372
686 3 _aТ52(23=Ук)я43
702 1 _aШрамченко
_bО.
_gОл.
_4340
702 1 _aЛозинський
_bВ. Ю.
_gВолодимир Юстинович
_4280
711 0 2 _7ca
_8ukr
_aУкраїнське наукове товариство
_cКиїв
_9884130
_3RU\NLR\AUTH\880612279
852 _aNLR
_j64-7/2235
942 _cBOOK